Online
Catalog

Sus versos / (Record no. 23165)

MARC details
000 -CABECERA
campo de control de longitud fija 00621nam a2200205 a 4500
001 - NÚMERO DE CONTROL
campo de control 000023669
005 - FECHA Y HORA DE LA ÚLTIMA TRANSACCIÓN
campo de control 20200930022402.0
008 - DATOS DE LONGITUD FIJA--INFORMACIÓN GENERAL
campo de control de longitud fija 101217s1973 ck r 000 0 spa d
040 ## - FUENTE DE LA CATALOGACIÓN
Centro catalogador/agencia de origen DO-SdBNP
Lengua de catalogación spa
Centro/agencia transcriptor BNPHU
082 ## - NÚMERO DE LA CLASIFICACIÓN DECIMAL DEWEY
Número de clasificación C861.3
Número de documento/Ítem L864s
049 ## - FONDOS LOCALES (OCLC)
Fondos de biblioteca BNGR
100 1# - ENTRADA PRINCIPAL--NOMBRE DE PERSONA
Nombre de persona López, Luis C.
Fechas asociadas al nombre 1879-1950.
9 (RLIN) 48765
245 10 - MENCIÓN DE TÍTULO
Título Sus versos /
Mención de responsabilidad, etc. Luis C. López.
260 ## - PUBLICACIÓN, DISTRIBUCIÓN, ETC.
Lugar de publicación, distribución, etc. Medellín, Colombia :
Nombre del editor, distribuidor, etc. Bedout,
Fecha de publicación, distribución, etc. [1973].
300 ## - DESCRIPCIÓN FÍSICA
Extensión 203 , [1] ;
Dimensiones 19 cm.
490 1# - MENCIÓN DE SERIE
Mención de serie Bolsilibros bedout
Designación de volumen o secuencia 143
650 #4 - PUNTO DE ACCESO ADICIONAL DE MATERIA--TÉRMINO DE MATERIA
Término de materia o nombre geográfico como elemento de entrada Poesía colombiana
9 (RLIN) 3742
650 #4 - PUNTO DE ACCESO ADICIONAL DE MATERIA--TÉRMINO DE MATERIA
Término de materia o nombre geográfico como elemento de entrada Literatura colombiana
Subdivisión cronológica SIGLO XIX
9 (RLIN) 18383
830 #0 - PUNTO DE ACCESO ADICIONAL DE SERIE-TÍTULO UNIFORME
Título uniforme Bolsilibros bedout ;
Designación de volumen o secuencia 143
9 (RLIN) 3750
Holdings
Estado de retiro Estado de pérdida Restricciones de uso No para préstamo Código de colección Localización permanente Ubicación/localización actual Ubicación en estantería Fecha de adquisición Número de inventario Total de préstamos Signatura topográfica completa Código de barras Fecha visto por última vez Precio válido a partir de Tipo de ítem Koha
        Monografías: Libros y Folletos General General En catalogación 17.12.2010 LF1   C861.3 L864s 23669-10 25.06.2020 25.06.2020 Préstamo en sala

Powered by Koha